| 000 | 00943cam a22003014a 4500 | ||
|---|---|---|---|
| 001 | 14197012 | ||
| 005 | 20180216070230.0 | ||
| 008 | 051212s2007 maua 001 0 eng | ||
| 010 | _a 2005058542 | ||
| 020 | _a007299066X | ||
| 020 | _a9780072990669 | ||
| 020 | _a0073252905 | ||
| 020 | _a9780073252902 | ||
| 035 | _a(OCoLC)ocm62742661 | ||
| 035 | _a(OCoLC)62742661 | ||
| 040 |
_aDLC _cDLC _dYDX _dBAKER _dUBY _dNLGGC _dBTCTA _dYDXCP _dDLC |
||
| 041 | _aeng | ||
| 042 | _apcc | ||
| 080 | _a658 STE | ||
| 082 | 0 | 0 |
_a658 STE _222 |
| 084 |
_a658 STE _2bcl |
||
| 100 | 1 | _a54 | |
| 101 | _aMEN | ||
| 245 | 1 | 0 |
_aIntroduction to management science with spreadsheets / _cWilliam J. Stevenson, Ceyhun Ozgur. |
| 906 |
_a7 _bcbc _corignew _d1 _eocip _f20 _gy-gencatlg |
||
| 942 |
_2ddc _cBK |
||
| 999 |
_c42790 _d42790 |
||